000 01063cam a22003135i 4500
999 _c525352
_d525352
001 19138140
003 NUST
005 20190701093856.0
008 160616s2016 nyu 000 0 eng
010 _a 2016944848
020 _a9783662529171
038 _aNusrat Nadeem
040 _aDLC
_beng
_cDLC
_erda
_dDLC
042 _apcc
082 _a532.52 SCH
245 0 0 _aBoundary-layer theory.
263 _a1607
264 1 _aNew York, NY :
_bSpringer Berlin Heidelberg,
_c2016.
300 _apages cm
336 _atext
_btxt
_2rdacontent
337 _aunmediated
_bn
_2rdamedia
338 _avolume
_bnc
_2rdacarrier
856 4 2 _3Contributor biographical information
_uhttps://www.loc.gov/catdir/enhancements/fy1619/2016944848-b.html
856 4 2 _3Publisher description
_uhttps://www.loc.gov/catdir/enhancements/fy1619/2016944848-d.html
856 4 1 _3Table of contents only
_uhttps://www.loc.gov/catdir/enhancements/fy1619/2016944848-t.html
906 _a0
_bibc
_corignew
_d2
_eepcn
_f20
_gy-gencatlg
942 _2ddc
_cBK